Normal view
MARC view
- التاريخ الاسلامي - عالم عربي
Entry Topical Term
001 - CONTROL NUMBER
- control field: 59013
003 - CONTROL NUMBER IDENTIFIER
- control field: JO-AjAnu
005 - DATE AND TIME OF LATEST TRANSACTION
- control field: 20230606083644.0
008 - FIXED-LENGTH DATA ELEMENTS
- fixed length control field: 230606|| aca||aabn | a|a d
040 ## - CATALOGING SOURCE
- Original cataloging agency: JO-AjAnu
- Transcribing agency: JO-AjAnu
150 ## - HEADING--TOPICAL TERM
- Topical term or geographic name entry element: التاريخ الاسلامي - عالم عربي
670 ## - SOURCE DATA FOUND
- Source citation: Work cat.: (JO-AjAnu)30102: تاليف: الطبري، ابي جعفر محمد بن جرير, author 59012, تاريخ الطبري: تاريخ الامم والملوك: من سنة 191 للهجرة لغاية السنة 302 للهجرة، مج 5